000 00737nam a2200277Ia 4500
005 20260324142524.0
008 008 260324s9999 xx 000 0 eng d
020 _a9781315806433
037 _aEBOOK
040 _aCRL
040 _beng
040 _cCRL
041 _2eng
041 _aeng
084 _qCRL
100 _aMichael C. Mozer; David S. Touretzky; Jeffrey L. Elman; Andreas S. Weigend; Paul Smolensky
_91212245
245 0 _aProceedings of the 1993 Connectionist Models Summer School
260 _bTaylor and Francis
260 _c1994
365 _a
365 _b205
856 _uhttp://www.taylorfrancis.com/books/9781315806433
942 _cEBOOK
999 _c1816546
_d1816546